00530nam a2200205Ia 450000500170000000800460001703700110006304000080007404000080008204000080009004100080009804100080010608400080011410000370012224500860015926000090024530000080025465000080026270000540027020260430150302.0008 250103s9999 xx 000 0 eng d aTheses aCRL beng ceng 2eng aeng qCRL aNazim Akbar Au.; Chawla Alka Gu. 0aPharmaceutical Patents in India: A Critical Analysis Public and Private Interests c2023 a349 aLaw aUniversity of Delhi. Faculty of Law. Deptt of Law